=LDR 00000nam 2200000 4500 =001 INLIS000000000005335 =005 20130612093601 =008 ***********************************Ind** =035 ##$$0010-061300000005335 =041 ##$$a Ind =082 ##$$a F Rom D =090 ##$$a F Rom D, Sat s =100 ##$$a SATI, Tulis Sutan =245 ##$$a Sabai Nan Aluih, Tulis Sutan Sati. -- =650 ##$$a 2000 $b Jakarta =710 ##$$a 71 hlm, ilus, 21 cm =850 ##$$a Fiksi =990 ##$$a dw00019794 =990 ##$$a DW00019795 =990 ##$$a DW00019796